[Event "IRI-ch"]
[Site "Mashad"]
[Date "2003.09.28"]
[Round "6"]
[White "Niknaddaf, Ali"]
[Black "Moradi, Behrooz"]
[Result "1-0"]
[WhiteElo "2324"]
[BlackElo "2220"]
[PlyCount "81"]
[EventDate "2003.09.24"]
[EventType "swiss"]
[EventRounds "11"]
[EventCountry "IRI"]
[SourceTitle "CBM 096 Extra"]
[Source "ChessBase"]
[SourceDate "2003.10.22"]
[SourceVersion "2"]
[SourceVersionDate "2003.10.20"]
[SourceQuality "1"]

1. e4 c5 2. Nc3 e6 3. Nge2 d6 4. g3 Nf6 5. Bg2 Nc6 6. 0-0 a6 7. h3 Qc7 8. d4 cxd4 9. Nxd4 Bd7 10. g4 Nxd4 11. Qxd4 Bc6 12. g5 Nd7 13. Re1 b5 14. a4 bxa4 15. Nxa4 e5 16. Qc4 Be7 17. Nc3 Qb7 18. Ra3 0-0 19. Rb3 Qc8 20. Be3 Re8 21. Ra1 Bd8 22. Bf1 a5 23. Nd5 Bxd5 24. Qxd5 Nc5 25. Rc3 Qb8 26. b4 Ne6 27. bxa5 Nf4 28. Bxf4 exf4 29. Rb3 Qc8 30. Rb7 Bc7 31. a6 Qd8 32. Bc4 Rf8 33. a7 Bb6 34. Rxf7 Rxf7 35. Qxf7+ Kh8 36. Qb7 Qxg5+ 37. Kf1 Qd8 38. Bd5 Rxa7 39. Rxa7 Bxa7 40. Qxa7 h6 41. Qa8 1-0

[Event "IRI-ch"]
[Site "Mashad"]
[Date "2003.09.25"]
[Round "3"]
[White "Darban Vaighani, Morteza"]
[Black "Moradi, Behrooz"]
[Result "1/2-1/2"]
[WhiteElo "2341"]
[BlackElo "2220"]
[PlyCount "142"]
[EventDate "2003.09.24"]
[EventType "swiss"]
[EventRounds "11"]
[EventCountry "IRI"]
[SourceTitle "CBM 096 Extra"]
[Source "ChessBase"]
[SourceDate "2003.10.22"]
[SourceVersion "2"]
[SourceVersionDate "2003.10.20"]
[SourceQuality "1"]

1. e4 c5 2. Nf3 e6 3. d4 cxd4 4. Nxd4 Nf6 5. Nc3 d6 6. f4 Be7 7. Qf3 Qb6 8. Nb3 Nc6 9. Be3 Qc7 10. g4 a6 11. g5 Nd7 12. 0-0-0 b5 13. Bd3 Bb7 14. Kb1 Nb4 15. Qh3 Nc5 16. g6 fxg6 17. Nxc5 dxc5 18. Qxe6 Bc8 19. Qe5 Qxe5 20. fxe5 Bg4 21. Be2 Bxe2 22. Nxe2 Nc6 23. Rd5 Nb4 24. Nc3 Rf8 25. Rdd1 Rf3 26. Rhe1 Rc8 27. Nd5 Nc6 28. e6 h6 29. a3 g5 30. Nxe7 Kxe7 31. Rd7+ Kxe6 32. Rxg7 Ne5 33. Ra7 Rc6 34. h4 Ng4 35. Bd2 gxh4 36. Rg7 Ne5 37. Bxh6 h3 38. Bg5 Rf7 39. Rg8 Kd7 40. Rd1+ Kc7 41. Rh1 Rf3 42. Rg7+ Nf7 43. e5 Kd7 44. Rd1+ Ke6 45. Rg6+ Kxe5 46. Rxc6 Nxg5 47. Rxc5+ Kf4 48. Rc6 h2 49. Rh1 Kg3 50. Rh6 Rf2 51. Rxa6 Kg2 52. Rxh2+ Kxh2 53. Ra5 Rf5 54. c4 Ne4 55. Rxb5 Rf1+ 56. Kc2 Kg3 57. b4 Kf4 58. c5 Ke5 59. Ra5 Kd5 60. Ra8 Rf3 61. Kb2 Rc3 62. Rd8+ Kc4 63. c6 Rb3+ 64. Kc2 Rc3+ 65. Kb2 Rb3+ 66. Kc2 Rc3+ 67. Kd1 Kb5 68. Rd4 Kxc6 69. Rxe4 Rxa3 70. Kc2 Kb5 71. Kb2 Rg3 1/2-1/2

[Event "Friendship Cup AZE-IRI"]
[Site "Baku"]
[Date "2003.04.05"]
[Round "8"]
[White "Moradi, Behrooz"]
[Black "Babaev, Rashad"]
[Result "1/2-1/2"]
[WhiteElo "2216"]
[BlackElo "2406"]
[PlyCount "90"]
[EventDate "2003.03.29"]
[EventType "schev"]
[EventRounds "9"]
[EventCountry "AZE"]
[SourceTitle "CBM 093 Extra"]
[Source "ChessBase"]
[SourceDate "2003.05.09"]
[SourceVersion "1"]
[SourceVersionDate "2003.05.09"]
[SourceQuality "1"]

1. e4 c5 2. Nf3 d6 3. d4 cxd4 4. Nxd4 Nf6 5. Nc3 Nc6 6. g3 e5 7. Nde2 Bg4 8. Bg2 Qd7 9. h3 Be6 10. Be3 Be7 11. Qd2 0-0 12. g4 Rfd8 13. Nd5 Rac8 14. 0-0 b6 15. Rad1 Bxd5 16. exd5 Na5 17. b3 Qc7 18. c4 Nb7 19. Ng3 Nc5 20. g5 Ne8 21. h4 Rb8 22. f4 Bf8 23. Rf2 Qd7 24. Qe2 e4 25. Nxe4 Nxe4 26. Bxe4 Nc7 27. Qd3 g6 28. f5 Re8 29. Bd4 Na6 30. Rdf1 Nc5 31. Bxc5 dxc5 32. d6 Bg7 33. f6 Bf8 34. Bg2 Bxd6 35. Rd2 Rbd8 36. Rfd1 Qe6 37. Qh3 Qxh3 38. Bxh3 Bc7 39. Kf2 Rxd2+ 40. Rxd2 Rd8 41. Re2 Bd6 42. Bg2 Kf8 43. Bc6 Rc8 44. Ba4 Rd8 45. Kf3 Rc8 1/2-1/2

[Event "Friendship Cup AZE-IRI"]
[Site "Baku"]
[Date "2003.04.03"]
[Round "6"]
[White "Moradi, Behrooz"]
[Black "Shukurova, Meihriban"]
[Result "1/2-1/2"]
[WhiteElo "2216"]
[BlackElo "2250"]
[PlyCount "103"]
[EventDate "2003.03.29"]
[EventType "schev"]
[EventRounds "9"]
[EventCountry "AZE"]
[SourceTitle "CBM 093 Extra"]
[Source "ChessBase"]
[SourceDate "2003.05.09"]
[SourceVersion "1"]
[SourceVersionDate "2003.05.09"]
[SourceQuality "1"]

1. e4 e5 2. Nf3 Nc6 3. Bb5 a6 4. Ba4 Nf6 5. 0-0 b5 6. Bb3 Bb7 7. d4 Nxd4 8. Nxd4 exd4 9. e5 Ne4 10. c3 dxc3 11. Qf3 d5 12. exd6 Qf6 13. Re1 0-0-0 14. Qg4+ Kb8 15. dxc7+ Kxc7 16. Qf4+ Qxf4 17. Bxf4+ Bd6 18. Bxd6+ Rxd6 19. Nxc3 Nxc3 20. Rac1 Rd7 21. Rxc3+ Kb8 22. Rce3 Rhd8 23. f3 Bd5 24. Bxd5 Rxd5 25. Kf2 R8d7 26. R1e2 Kb7 27. f4 g6 28. Kf3 h5 29. Re5 Rd3+ 30. Kf2 R3d4 31. f5 R4d6 32. fxg6 fxg6 33. h4 Rf6+ 34. Kg3 Rd3+ 35. Kh2 Rdd6 36. Rc2 Rd4 37. g3 Rfd6 38. Kg2 Rd2+ 39. Re2 Rxe2+ 40. Rxe2 Kc6 41. Kf3 Rf6+ 42. Ke3 Re6+ 43. Kd3 Rxe2 44. Kxe2 Kd5 45. Kd3 Ke5 46. Ke3 Kf5 47. Kf3 b4 48. b3 g5 49. hxg5 Kxg5 50. Kf2 Kf5 51. Kf3 Kg5 52. Kf2 1/2-1/2

[Event "Friendship Cup AZE-IRI"]
[Site "Baku"]
[Date "2003.03.30"]
[Round "2"]
[White "Guliev, Logman"]
[Black "Moradi, Behrooz"]
[Result "1/2-1/2"]
[WhiteElo "2386"]
[BlackElo "2216"]
[PlyCount "104"]
[EventDate "2003.03.29"]
[EventType "schev"]
[EventRounds "9"]
[EventCountry "AZE"]
[SourceTitle "CBM 093 Extra"]
[Source "ChessBase"]
[SourceDate "2003.05.09"]
[SourceVersion "1"]
[SourceVersionDate "2003.05.09"]
[SourceQuality "1"]

1. e4 c5 2. Nf3 e6 3. d4 cxd4 4. Nxd4 Nf6 5. Bd3 Nc6 6. Nb3 d5 7. exd5 Nxd5 8. a3 Be7 9. 0-0 0-0 10. c4 Nf6 11. Re1 a5 12. Be3 a4 13. Nc1 Ne5 14. Nc3 Bd7 15. Bd4 Nxd3 16. Nxd3 Qa5 17. Ne5 Rfd8 18. Qf3 Qa6 19. Ne4 Be8 20. Bc3 Nxe4 21. Qxe4 f6 22. Ng4 Bf7 23. Ne3 Rac8 24. Qh4 Bc5 25. Ng4 e5 26. Rad1 Rxd1 27. Rxd1 Qxc4 28. Qg3 Qf4 29. Qh3 Re8 30. Ne3 Bxe3 31. fxe3 Qe4 32. Qf3 Qxf3 33. gxf3 Be6 34. Kf2 Kf7 35. e4 g5 36. Rd6 b5 37. Rb6 Bc4 38. Ba5 Re7 39. Rd6 Re6 40. Rd7+ Kg6 41. Bb4 Rc6 42. Rb7 Bf7 43. Bc3 Bc4 44. Kg3 h5 45. Bb4 h4+ 46. Kf2 Rc8 47. Rb6 Kg7 48. Rb7+ Kg6 49. Rb6 Kf7 50. Rb7+ Kg6 51. Rb6 Kf7 52. Rb7+ Kg6 1/2-1/2